Online
Catalog

Historia del caribe : azúcar y plantaciones en el mundo atlántico / (Record no. 47057)

MARC details
000 -CABECERA
campo de control de longitud fija 01050nam a2200301 a 4500
001 - NÚMERO DE CONTROL
campo de control 000047569
003 - IDENTIFICADOR DEL NÚMERO DE CONTROL
campo de control DO-SdBNP
005 - FECHA Y HORA DE LA ÚLTIMA TRANSACCIÓN
campo de control 20260305073952.0
008 - DATOS DE LONGITUD FIJA--INFORMACIÓN GENERAL
campo de control de longitud fija 180703s2017 dr 000 spa d
020 ## - NÚMERO INTERNACIONAL ESTÁNDAR DEL LIBRO
Número Internacional Estándar del Libro 9789993439783
040 ## - FUENTE DE LA CATALOGACIÓN
Centro catalogador/agencia de origen DO-SdBNP
Lengua de catalogación spa
Centro/agencia transcriptor BNPHU
082 #4 - NÚMERO DE LA CLASIFICACIÓN DECIMAL DEWEY
Número de clasificación 972.9
Número de documento/Ítem M938h
Número de edición 2017
100 1# - ENTRADA PRINCIPAL--NOMBRE DE PERSONA
Nombre de persona Moya Pons, Frank,
Fechas asociadas al nombre 1944-
9 (RLIN) 2095
245 10 - MENCIÓN DE TÍTULO
Título Historia del caribe : azúcar y plantaciones en el mundo atlántico /
Mención de responsabilidad, etc. Frank Moya Pons.
250 ## - MENCIÓN DE EDICIÓN
Mención de edición 3a. ed.
260 ## - PUBLICACIÓN, DISTRIBUCIÓN, ETC.
Lugar de publicación, distribución, etc. Santo Domingo :
Nombre del editor, distribuidor, etc. Búho,
Fecha de publicación, distribución, etc. 2017.
300 ## - DESCRIPCIÓN FÍSICA
Extensión 540 p. ;
Dimensiones 24 cm.
500 ## - NOTA GENERAL
Nota general Incluye índice
504 ## - NOTA DE BIBLIOGRAFÍA, ETC.
Nota de bibliografía, etc. Bibliografía : p. 435-540
590 ## - NOTA LOCAL (RLIN)
Nota local Inventariado,2018/DG
650 #0 - PUNTO DE ACCESO ADICIONAL DE MATERIA--TÉRMINO DE MATERIA
Término de materia o nombre geográfico como elemento de entrada Industria azucarera
Subdivisión geográfica Caribe (Región)
Subdivisión general Historia
9 (RLIN) 7298
650 #4 - PUNTO DE ACCESO ADICIONAL DE MATERIA--TÉRMINO DE MATERIA
Término de materia o nombre geográfico como elemento de entrada Esclavitud
Subdivisión geográfica Caribe (Región)
Subdivisión general Historia
9 (RLIN) 13499
651 #4 - PUNTO DE ACCESO ADICIONAL DE MATERIA--NOMBRE GEOGRÁFICO
Nombre geográfico Caribe (Región)
Subdivisión general Historia
Subdivisión cronológica Siglo XIX-XX
9 (RLIN) 87401
651 #4 - PUNTO DE ACCESO ADICIONAL DE MATERIA--NOMBRE GEOGRÁFICO
Nombre geográfico República Dominicana
Subdivisión general Historia
9 (RLIN) 170
651 #0 - PUNTO DE ACCESO ADICIONAL DE MATERIA--NOMBRE GEOGRÁFICO
Nombre geográfico Caribe (Región)
Subdivisión general Condiciones económicas
-- Historia
9 (RLIN) 87401
910 ## - DATOS DE OPCIÓN DEL USUARIO (OCLC)
Datos de opción del usuario Validado. Control de calidad MFF
942 ## - ELEMENTOS DE PUNTO DE ACCESO ADICIONAL (KOHA)
Fuente del sistema de clasificación o colocación Dewey Decimal Classification
Tipo de ítem Koha Libro
Holdings
Estado de retiro Estado de pérdida Fuente del sistema de clasificación o colocación Restricciones de uso No para préstamo Código de colección Localización permanente Ubicación/localización actual Ubicación en estantería Fecha de adquisición Total de préstamos Signatura topográfica completa Código de barras Fecha visto por última vez Número de copia Precio válido a partir de Tipo de ítem Koha
    Dewey Decimal Classification Préstamo en sala   Dominicana de Servicio Biblioteca Nacional Pedro Henríquez Ureña Dominicana Depósito 03.07.2018   BNPHU DS 972.9 M938h 2017 47569-30 25.06.2020 e.3 25.06.2020 Libro y Folleto Colección Dominicana de Servicio
    Dewey Decimal Classification Excluido de préstamo   Patrimonio Dominicano Biblioteca Nacional Pedro Henríquez Ureña Patrimonio Dominicano Depósito 03.07.2018   BNPHU PD 972.9 M938h 2017 47569-10 25.06.2020   25.06.2020 Libro y Folleto Colección Patrimonio Dominicano
    Dewey Decimal Classification Excluido de préstamo   Patrimonio Dominicano Biblioteca Nacional Pedro Henríquez Ureña Patrimonio Dominicano Depósito 03.07.2018   BNPHU PD 972.9 M938h 2017 47569-20 25.06.2020 e.2 25.06.2020 Libro y Folleto Colección Patrimonio Dominicano

Powered by Koha